Regioni confinanti più popolose - Statistics

Statistiche generali
  • Questo quiz è stato fatto 23 volte
  • Il punteggio medio è 14 su 15
Statistiche sulle risposte
Regione Regione confinante più popolosa % Corretto
Basilicata Campania
100%
Lazio Campania
100%
Abruzzo Lazio
100%
Campania Lazio
100%
Marche Lazio
100%
Emilia-Romagna Lombardia
100%
Liguria Emilia-Romagna
96%
Molise Lazio
96%
Piemonte Lombardia
96%
Lombardia Veneto
96%
Puglia Campania
91%
Toscana Lazio
91%
Umbria Lazio
91%
Trentino-Alto Adige Lombardia
91%
Veneto Lombardia
87%
Nessun quiz corrispondente trovato
Distribuzione punteggi
Percentuale di utenti per punteggio
Percentile per numero di risposta
I tuoi punteggi nel tempo
Non hai fatto questo quiz